[Event "Moscow Aeroflot op"]
[Site "Moscow"]
[Date "2002.02.08"]
[Round "6"]
[White "Vaganian, Rafael A"]
[Black "Psakhis, Lev"]
[Result "1/2-1/2"]
[WhiteElo "2662"]
[BlackElo "2572"]
[Annotator "Psakhis,L"]
[PlyCount "84"]
[EventDate "2002.02.04"]
[EventType "swiss"]
[EventRounds "9"]
[EventCountry "RUS"]
[SourceTitle "CBM 088"]
[Source "ChessBase"]
[SourceDate "2002.03.21"]
[SourceVersion "1"]
[SourceVersionDate "2002.03.21"]
[SourceQuality "1"]

1. Nf3 Nf6 2. c4 b6 3. g3 c5 4. Bg2 Bb7 5. O-O g6 6. d4 cxd4 7. Qxd4 Bg7 8. Nc3
d6 9. Rd1 Nbd7 10. Be3 Rc8 11. Rac1 O-O 12. Qh4 a6 13. b3 Rc7 14. Na4 Rc8 15.
Nc3 Rc7 16. Bh3 Qb8 17. Ne1 $5 (17. Bh6 Bxf3 18. Bxg7 Kxg7 19. exf3 Ne5 20. Bg2
b5 $13 {Topalov Psakhis Las Vegas 1999}) 17... Ba8 18. Ng2 Qb7 19. f3 b5 20.
Nf4 $6 (20. cxb5 axb5 21. Bxd7 $1 Rxd7 22. Qb4 Rb8 $140 23. Qxb5 $1 Qxb5 24.
Nxb5 Rxb5 $4 25. Rc8+ $18) 20... e6 $1 21. Rxd6 (21. Bxe6 $1 fxe6 22. Nxe6 $132
) 21... bxc4 22. Nxe6 $6 fxe6 23. Bxe6+ Kh8 24. Bxc4 Ne5 $1 $40 25. Bd5 $8 (25.
Bxa6 $2 Nxf3+ 26. exf3 Qxf3 $19) 25... Qc8 $2 $138 (25... Nxd5 26. Nxd5 Rxc1+
27. Bxc1 Qb5 $1 $19) 26. Be6 Qe8 (26... Qb7 $1) 27. Bd4 Re7 (27... Rc6 28. Bxe5
Rxd6 29. Bxd6 Qxe6 30. Bxf8 Qe3+ 31. Kg2 Qxc1 32. Bxg7+ Kxg7 33. Qd4 $36) 28.
Qh3 $8 Nc6 29. Bxf6 (29. Bf2 $5) 29... Rxf6 30. Nd5 $1 {[%mdl 2048]} Rfxe6 (
30... Rexe6 $142 $1 31. Nc7 Qb8 32. Rxe6 Qxc7 $17) 31. Rxe6 Bd4+ 32. Kf1 $1 (
32. Kh1 Rxe6 33. Nc7 Rxe2 34. Nxe8 Ne5 $1 $19) 32... Rxe6 33. Nc7 Rxe2 $1 34.
Nxe8 Rf2+ 35. Ke1 Ne5 $1 36. Rc3 $1 Nxf3+ (36... Bxf3 37. Nd6 Re2+ 38. Kf1 Rf2+
$11) 37. Rxf3 Bxf3 38. Qe6 $2 (38. Nd6 $1 Re2+ 39. Kf1 Rf2+ $11) 38... Rxh2 $6
(38... Rc2 $1 39. Nd6 (39. Qd6 Bf2+ 40. Kf1 Bg2+ $1 41. Kxg2 Bc5+ $19) 39...
Bc3+ 40. Kf1 Bg2+ 41. Kg1 Bd4+ $19) 39. Qd6 $2 (39. Nc7 $1 Re2+ 40. Qxe2 Bxe2
41. Kxe2 a5 $11) 39... Re2+ $4 $138 (39... Bf2+ 40. Kf1 Be2+ $1 41. Kxe2 Bc5+
$19) 40. Kf1 Rf2+ 41. Ke1 Re2+ 42. Kf1 Rf2+ 1/2-1/2

[Event "Olympiad-23"]
[Site "Buenos Aires"]
[Date "1978.10.26"]
[Round "2"]
[White "Vadasz, Laszlo"]
[Black "Pytel, Krzysztof"]
[Result "1/2-1/2"]
[WhiteElo "2505"]
[BlackElo "2435"]
[Annotator "Pytel,K"]
[PlyCount "61"]
[EventDate "1978.10.25"]
[EventType "team-swiss"]
[EventRounds "14"]
[EventCountry "ARG"]
[SourceTitle "EXT 2000"]
[Source "ChessBase"]
[SourceDate "1999.11.16"]
[SourceVersion "1"]
[SourceVersionDate "1999.11.16"]
[SourceQuality "1"]
[WhiteTeam "Hungary"]
[BlackTeam "Poland"]
[WhiteTeamCountry "HUN"]
[BlackTeamCountry "POL"]

{Inf.26/58} 1. Nf3 Nf6 2. c4 c5 3. Nc3 b6 4. g3 Bb7 5. Bg2 g6 6. O-O Bg7 7. d4
Ne4 8. Nxe4 Bxe4 9. Be3 Nc6 $5 10. d5 Bxf3 11. Bxf3 Ne5 12. Qc2 Nxf3+ 13. exf3
d6 (13... O-O {/\ d6!?}) 14. h4 $1 Qd7 15. Kg2 b5 16. Rae1 bxc4 17. Qxc4 (17.
Bg5 O-O 18. Rxe7 Qb5) 17... O-O 18. b3 Rab8 19. Bd2 Rfe8 20. h5 Qb5 21. hxg6
hxg6 22. Qe4 Qa6 23. Qh4 Qd3 24. Bf4 Bf6 25. Qh6 Bg7 26. Qh3 Qxd5 27. Rh1 g5
28. Rd1 $1 (28. Qh7+ Kf8 29. Rh5 f6 $1 {/\ Qg8}) 28... Qe6 29. Qh7+ Kf8 30.
Bxg5 Qg6 31. Qxg6 $11 1/2-1/2

[Event "Rohde op 07th"]
[Site "Sautron"]
[Date "2007.10.28"]
[Round "2"]
[White "Kosten, Anthony C"]
[Black "Bogner, Sebastian"]
[Result "0-1"]
[WhiteElo "2519"]
[BlackElo "2383"]
[Annotator "RR"]
[PlyCount "90"]
[EventDate "2007.10.27"]
[EventType "swiss"]
[EventRounds "9"]
[EventCountry "FRA"]
[SourceTitle "EXT 2008"]
[Source "ChessBase"]
[SourceDate "2007.11.25"]
[SourceVersion "1"]
[SourceVersionDate "2007.11.25"]
[SourceQuality "1"]

1. c4 Nf6 2. Nf3 b6 3. g3 Bb7 4. Bg2 c5 5. O-O g6 6. Nc3 Bg7 7. d4 cxd4 8. Qxd4
Nc6 {Ce coup assez naturel est rarement joué car malgré le tempo gagné sur la
Q, le Nc6 ne sera pas forcément bien placé ensuite.} (8... d6 $142 9. Rd1 Nbd7
{la place habituelle du N dans une structure hérisson}) 9. Qh4 (9. Qf4 $142 {
[%csl Gc7,Gd6]} Rc8 {[%csl Gc7]} 10. Rd1 O-O 11. Rb1 (11. Bd2) 11... d6 12. b3
Nb8 {[%cal Gb8d7];Speelman,J (2615)-Chandler,M (2575) Hastings 8788 1987 (7) 1/
2 Reconnaissant la mauvaise position du N} 13. Bb2 Nbd7 14. e4) 9... h6 10. Nd5
Rc8 11. Rd1 Na5 12. Nd2 $6 {[%cal Gg2d5]} (12. Ne3 {Il fallait peut-être jouer
la même idée un coup plus tôt} d6 13. Bd2) 12... b5 $1 13. Ne3 $6 $146 ({RR} 
13. Qf4 bxc4 14. Nxf6+ Bxf6 15. Bxb7 Nxb7 16. Nxc4 Qc7 17. Qxc7 Rxc7 18. Ne3 e6
19. Ng4 Bg7 20. Bf4 d6 21. Rac1 Kd7 22. Rxc7+ Kxc7 23. Rc1+ Kb8 24. h4 h5 25.
Nh2 Bxb2 26. Rc6 Ba3 27. Be3 Rd8 {Degerman,L (2490)-Schussler,H (2460)/Sweden
1998/EXT 2000/0-1 (62)}) 13... Bxg2 14. Kxg2 Qb6 $36 15. Kg1 O-O 16. c5 $6 (16.
b3 $5 a6) 16... Qxc5 17. b4 Qe5 $17 {[%cal Ge5a1]} 18. Rb1 Nc4 $36 19. Nf3 Qe4
20. Nd5 Qxe2 $19 {Le GMI va néamoins continuer cette partie} 21. Re1 Qxf3 22.
Nxe7+ Kh7 23. Rb3 Qg4 24. Qxg4 Nxg4 25. Nxc8 Rxc8 26. Rd1 Re8 27. h3 Nf6 28.
Be3 a6 29. Bd4 Re2 30. Rf3 Ne5 31. Ra3 d6 32. Rxa6 Ne4 33. Kf1 Rc2 34. Ra7 Kg8
35. Ra8+ Kh7 36. Ra7 Nd2+ 37. Kg2 Nc6 38. Rxf7 Nxd4 39. Re1 Rc8 40. Ree7 Rg8
41. f4 Nc4 42. g4 Kh8 43. Kf2 Nc6 44. Rc7 Nxb4 45. h4 d5 {les blancs
abandonnent enfin!} 0-1

[Event "Rohde op 06th"]
[Site "Sautron"]
[Date "2006.11.03"]
[Round "8"]
[White "Koziak, Vitali"]
[Black "Colovic, Aleksandar"]
[Result "1-0"]
[WhiteElo "2453"]
[BlackElo "2459"]
[Annotator "RR"]
[PlyCount "117"]
[EventDate "2006.10.28"]
[EventType "swiss"]
[EventRounds "9"]
[EventCountry "FRA"]
[SourceTitle "EXT 2007"]
[Source "ChessBase"]
[SourceDate "2006.11.23"]
[SourceVersion "1"]
[SourceVersionDate "2006.11.23"]
[SourceQuality "1"]

1. Nf3 Nf6 2. c4 b6 3. g3 c5 4. Bg2 Bb7 5. O-O g6 {La trés solide variante du
double fianchetto du hérisson} (5... e6 6. Nc3 (6. d4) 6... Be7 7. d4 (7. Re1)
7... cxd4 8. Qxd4) 6. Nc3 Bg7 7. d4 cxd4 8. Qxd4 d6 9. Rd1 Nbd7 10. Be3 Rc8 11.
Rac1 a6 (11... O-O 12. Qh4 {[%cal Ge3h6]}) 12. b3 O-O 13. Qh4 Re8 (13... Rc7 {
[%cal Gd8a8]} 14. Bh3 Re8 15. Bh6 Rc5 {[%cal Gc5h5]} 16. Ng5 b5 17. Nd5 Bxd5
18. cxd5 Rxc1 19. Rxc1 Bxh6 20. Qxh6 Nf8 21. b4 Qb6) 14. Bh6 (14. Bh3 $5 {
[%cal Gh3c8] La suite а la mode} Rc7 15. g4 Qa8 16. g5 $36) 14... Bxh6 (14...
Rc5) 15. Qxh6 Bxf3 16. exf3 $146 ({RR} 16. Bxf3 Rc5 17. Qd2 Qb8 18. Nd5 Nxd5
19. Bxd5 Nf6 20. b4 Rc7 21. Bg2 a5 22. bxa5 bxa5 23. Qxa5 Ra7 24. Qd2 Qc7 25.
Bd5 Rb8 26. Rb1 Rb6 27. Rb2 Kg7 28. Rdb1 Rxa2 29. Rxa2 Rxb1+ 30. Kg2 e6 {
Paunovic,D (2532)-Karpov,A (2688)/Benidorm 2002/CBM 093/0-1 (70)}) 16... Rc5
17. Qd2 Qb8 18. f4 Rc7 19. Nd5 Nxd5 20. cxd5 Rec8 21. Rc6 Nf6 22. Qc3 Ne8 23.
Qd3 Qa7 24. f5 Nf6 25. fxg6 hxg6 26. a4 b5 27. h3 Rxc6 28. dxc6 Qc5 29. axb5
axb5 30. Qd4 Qxd4 31. Rxd4 d5 32. Bxd5 (32. Rb4 Rxc6 33. Rxb5 Rc1+ 34. Kh2 e6)
32... Nxd5 33. Rxd5 Rxc6 34. Rxb5 Rc3 35. Kg2 Kg7 36. g4 f6 37. h4 Kf7 38. f3
Ke6 39. Kg3 Kd6 40. Rb6+ Ke5 41. Rb7 Ke6 42. Kf4 g5+ 43. hxg5 fxg5+ 44. Ke4 Kf6
45. Rb8 e6 46. Kd4 Rc1 47. b4 Ke7 48. b5 Kd6 49. Rb6+ Kd7 50. Ra6 e5+ $4 (50...
Rb1) 51. Kxe5 Rc5+ 52. Kf6 Rxb5 53. Ra3 Ke8 54. Ra8+ Kd7 55. Rf8 Ra5 56. Kg6
Ke6 57. Rf6+ Ke7 58. Rf5 Ra3 59. Kxg5 1-0

[Event "Sautron op 15th"]
[Site "Sautron"]
[Date "2015.10.24"]
[Round "4.7"]
[White "Stany, George Anthony"]
[Black "Swayams, Mishra"]
[Result "1/2-1/2"]
[WhiteElo "2385"]
[BlackElo "2444"]
[Annotator "RR"]
[PlyCount "50"]
[EventDate "2015.10.24"]
[EventType "swiss"]
[EventRounds "9"]
[EventCountry "FRA"]
[SourceTitle "CBM 169 Extra"]
[Source "ChessBase"]
[SourceDate "2015.12.18"]
[SourceVersion "1"]
[SourceVersionDate "2015.12.18"]
[SourceQuality "1"]
[TimeControl "40/5400+30:1800+30"]
[WhiteClock "0:57:34"]
[BlackClock "0:13:29"]

1. Nf3 {[%emt 0:00:00]} Nf6 {[%emt 0:00:54]} 2. g3 {[%emt 0:00:08]} c5 {
[%emt 0:00:17]} 3. c4 {[%emt 0:01:41]} b6 {[%emt 0:00:06]} 4. Bg2 {[%emt 0:00:
04]} Bb7 {[%emt 0:00:01]} 5. O-O {[%emt 0:00:19]} g6 {[%emt 0:00:08]} 6. Nc3 {
[%emt 0:00:11]} Bg7 {[%emt 0:00:05]} 7. d3 {[%emt 0:03:38]} (7. d4 {La grande
ligne} cxd4 8. Qxd4 d6 9. Rd1 Nbd7 10. Be3 Rc8 11. Rac1 O-O 12. Qh4 a6 13. b3
Rc7 14. Bh3 (14. g4 h6) (14. Ne1 Bxg2 15. Nxg2 Qb8 16. Bh6 Bxh6 17. Qxh6 b5 18.
Ne3 Rc5 {[%cal Gc5h5]} 19. Ncd5 Re8 20. b4 Rcc8 $13 {Tukmakov,V (2568)-Palac,M
(2568) SLO-chT 12th 2002 (1) 1/2}) 14... Qb8 15. g4 e6 16. g5 Ne8 17. Ne4 d5
18. cxd5 Bxd5 19. Bg2) 7... O-O {[%emt 0:09:27]} 8. Rb1 {[%emt 0:07:17] Une
variante assez peu ambitieuse} d5 $132 {[%emt 0:01:02]} 9. cxd5 {[%emt 0:00:32]
} Nxd5 {[%emt 0:00:05]} 10. Bd2 {[%emt 0:00:07]} Nc6 {[%emt 0:00:49]} 11. a3 {
[%emt 0:09:33]} Rc8 {[%emt 0:08:12]} (11... Nc7 12. Qa4 Nd4 13. Nxd4 Bxg2 14.
Nc6 Bxc6 15. Qxc6 Ne6 16. Qa4 Nd4 17. Be3 Qc8 18. Rfc1 Qe6 19. Bxd4 Bxd4 20. e3
Bg7 21. Qe4 Qxe4 22. Nxe4 Rfd8 23. Rd1 Rd7 24. Kf1 Rad8 25. Ke2 h6 26. Nc3 e6
27. Rbc1 Bxc3 {1/2-1/2 (27) Horvath,D (2389)-Hujbert,F (2429) Budapest 2013})
12. Qa4 {[%emt 0:05:58]} a6 {[%emt 0:40:09]} 13. Rfc1 {[%emt 0:00:46] (=)} e6 {
[%emt 0:07:17]} 14. Qd1 {[%emt 0:02:56]} Qd7 $146 {[%emt 0:02:28]} (14... h6
15. Na4 Na7 16. e4 Ne7 17. b4 cxb4 18. Bxb4 Rxc1 19. Qxc1 Re8 20. Nxb6 Nb5 21.
Na4 Nc6 22. Bd2 Bf8 23. Bxh6 Bxh6 24. Qxh6 Qxd3 25. Re1 Qxa3 26. Ng5 Ne5 27.
Qh7+ Kf8 28. Qh8+ Ke7 29. Qxe5 Qxa4 30. Qc5+ Kf6 31. e5+ Kxg5 32. Qe3+ Kh5 33.
h4 Qg4 34. Bh3 {1-0 (34) Karlsson,L (2405)-Vadasz,L (2500) Yerevan 1980}) 15.
Na4 {[%emt 0:00:44]} Nd4 $1 {[%emt 0:04:50]} 16. e4 {[%emt 0:02:52]} Bc6 {
[%emt 0:04:50]} 17. b3 {[%emt 0:02:48]} Nxb3 {[%emt 0:00:35]} 18. Nxb6 {
[%emt 0:00:03]} Nxb6 {[%emt 0:00:08]} 19. Qxb3 {[%emt 0:00:04]} Na4 {[%emt 0:
00:14]} 20. Bf4 {[%emt 0:00:05]} Bb5 {[%emt 0:00:24]} 21. Bf1 {[%emt 0:00:22]}
Rfd8 $15 {[%emt 0:01:16][%csl Rd3]} 22. Ne5 {[%emt 0:00:11]} Qe7 {[%emt 0:00:
49]} 23. Nf3 {[%emt 0:02:27]} h6 {[%emt 0:03:08]} 24. Be5 {[%emt 0:02:04]} Bxe5
{[%emt 0:01:14]} 25. Nxe5 {[%emt 0:00:06]} Qd6 {[%emt 0:00:33]} 1/2-1/2

[Event "FRA-chT Top 16 GpA"]
[Site "Nancy"]
[Date "2005.02.??"]
[Round "?"]
[White "Vaganian, Rafael A"]
[Black "Pelletier, Yannick"]
[Result "1/2-1/2"]
[WhiteElo "2670"]
[BlackElo "2604"]
[Annotator "RR"]
[PlyCount "50"]
[EventDate "2005.02.03"]
[EventType "team-match"]
[EventRounds "1"]
[EventCountry "FRA"]
[SourceTitle "EXT 2015"]
[Source "ChessBase"]
[SourceDate "2014.11.20"]
[SourceVersion "1"]
[SourceVersionDate "2014.11.20"]
[SourceQuality "1"]
[WhiteTeam "Nancy"]
[BlackTeam "Clichy"]
[WhiteTeamCountry "FRA"]
[BlackTeamCountry "FRA"]

1. Nf3 Nf6 2. c4 e6 3. Nc3 c5 4. g3 b6 5. Bg2 Bb7 6. O-O d6 7. d4 cxd4 8. Qxd4
Be7 9. Bg5 (9. Rd1) (9. b3) 9... a6 10. Bxf6 Bxf6 11. Qd3 (11. Qf4 $142) 11...
Ra7 12. Rfd1 Be7 13. Ne4 Bxe4 (13... O-O) 14. Qxe4 O-O 15. Nd4 Rd7 {[%csl Rb8]}
(15... Rc7 $142 {Pelletier,Y (2596)-Gashimov,V (2734) FRA T TOP 16 2010 (8.2)
1/2}) 16. Qd3 (16. Bh3 {Bu Xiangzhi (2682)-Pelletier,Y (2589) World Cup Khanty
Mansiysk 2009 (1.1) 1/2}) (16. Rd2 Qc7 17. Qd3 Bf6 18. Rad1 Rc8 19. b3 $14 {
Zifroni,D (2525)-Postny,E (2432) ISR-ch op Tel Aviv 2001 (4) 1-0}) 16... Qc7
17. a4 $146 (17. e3 {Drasko,M (2471)-Zivanic,M (2435) SCG-chT Budva 2004 (11.2)
1/2}) 17... Bf6 18. e3 (18. a5 $5 bxa5 19. Nb3 (19. Ra4) 19... Nc6) 18... Bxd4
19. exd4 $14 a5 $1 {Les blancs n'ont plus de N pour profiter de
l'affaiblissement de la case "b5" et le N noir va trouver des bonnes cases а
l'aile-dame} 20. Qb3 (20. b4 axb4 21. Rab1 Nc6 (21... Na6 22. c5 $44) 22. Bxc6
Qxc6 23. Rxb4 {[%cal Gd1b1]} d5 $132 {[%csl Rd4][%cal Gd7d4,Gf8d8]}) 20... Na6
$132 21. Qb5 Nb4 22. Rac1 Rfd8 23. h4 Na2 24. Ra1 Nb4 25. Rac1 Na2 1/2-1/2

[Event "Vandoeuvre op 11th"]
[Site "Vandoeuvre"]
[Date "2014.12.27"]
[Round "3"]
[White "Wirig, Anthony"]
[Black "Fedorchuk, Sergey A"]
[Result "1/2-1/2"]
[WhiteElo "2483"]
[BlackElo "2669"]
[Annotator "RR"]
[PlyCount "70"]
[EventDate "2014.12.26"]
[EventType "swiss"]
[EventRounds "9"]
[EventCountry "FRA"]
[SourceTitle "EXT 2017"]
[Source "ChessBase"]
[SourceDate "2016.10.25"]
[SourceVersion "1"]
[SourceVersionDate "2016.10.25"]
[SourceQuality "1"]

1. Nf3 Nf6 2. g3 b6 3. Bg2 Bb7 4. O-O c5 5. c4 g6 (5... e6 6. d4 cxd4 7. Qxd4 {
L'autre grande ligne de l'anglaise hérisson}) 6. d4 cxd4 7. Qxd4 Bg7 8. Nc3 d6
9. Be3 Nbd7 10. Rac1 Rc8 {Retarde au maximum le roque pour éviter Qh4} (10...
O-O 11. Qh4 $36 {[%cal Ge3h6,Gf3g5]}) 11. b3 (11. Rfd1) 11... a6 12. Rfd1 O-O
13. Qh4 Rc7 14. Bh3 (14. g4) (14. Ne1) 14... Qb8 15. Bh6 (15. g4 e6 {Aronian,L
(2724)-Kramnik,V (2744) EU-Cup 21st Saint Vincent 2005 (4.1) 1/2}) (15. Ne1 Ba8
) 15... Re8 $146 (15... b5 16. Bxg7 Kxg7 17. cxb5 axb5 18. Bxd7 Rxd7 19. Qb4 {
Topalov,V (2752)-Karjakin,S (2779) Wch Rapid Astana 2012 (5) 1/2}) 16. Bxg7
Kxg7 17. Qd4 Kg8 18. Bxd7 $5 Nxd7 19. Qe3 $1 {[%cal Ge3h6,Gf3g5] Les pièces
Noires sont mal placées pour défendre l'aile-roi} b5 $1 20. Rd4 $6 (20. Nd2
Ba8 $11) 20... bxc4 21. bxc4 Qc8 22. Ne4 $2 d5 $1 23. Neg5 e5 $36 {[%csl Gd5,
Ge5]} 24. Rh4 d4 25. Qd2 Nf6 26. c5 h5 27. Qa5 Bd5 28. Nd2 Rc6 29. f3 Qd8 30.
Qa3 Kg7 $2 (30... Nd7 31. Nde4 f5 $40 {[%csl Gd4,Ge5,Gf5]}) 31. e4 dxe3 32.
Qxe3 Bxa2 33. Ra4 Bd5 34. Nde4 Bxe4 35. Nxe4 Qc7 1/2-1/2

[Event "Bundesliga 1112"]
[Site "Germany"]
[Date "2011.11.19"]
[Round "4.1"]
[White "Fontaine, Robert"]
[Black "Bologan, Viktor"]
[Result "0-1"]
[WhiteElo "2552"]
[BlackElo "2656"]
[Annotator "RR"]
[PlyCount "114"]
[EventDate "2011.10.14"]
[EventType "team-tourn"]
[EventRounds "15"]
[EventCountry "GER"]
[SourceTitle "CBM 146"]
[Source "ChessBase"]
[SourceDate "2012.01.18"]
[SourceVersion "1"]
[SourceVersionDate "2012.01.18"]
[SourceQuality "1"]
[WhiteTeam "Katernberg"]
[BlackTeam "Eppingen"]
[WhiteTeamCountry "GER"]
[BlackTeamCountry "GER"]

1. c4 c5 2. Nf3 Nc6 3. d4 cxd4 4. Nxd4 e6 5. g3 Qb6 6. Nb3 Ne5 7. Bg2 Bb4+ 8.
N1d2 Nxc4 9. a3 Nxd2 10. axb4 Nxb3 11. Qxb3 d5 12. Qc3 Nf6 13. Be3 Qd8 14. Bxa7
O-O 15. O-O Bd7 16. Bd4 Rc8 17. Qd2 Bc6 18. Ra5 b6 19. Ra7 Nd7 20. Qf4 Bb5 21.
b3 Re8 22. Ba1 Rc2 23. Re1 h6 24. Qd4 Nf6 25. Qd1 Rc8 26. Be5 Nd7 27. Bb2 Qe7
28. Qd4 Qf8 29. Qd2 Red8 30. e3 Rc6 31. e4 Rdc8 32. Rc1 Rxc1+ 33. Bxc1 d4 34.
Bb2 e5 35. Bh3 Qd6 36. Ra1 Rd8 37. Bxd7 $6 (37. f4 Qe7 38. Qe1 $15) 37... Rxd7
38. Rc1 Qe6 39. Qd1 Ra7 40. Ra1 Rxa1 41. Bxa1 Qd6 42. Bb2 Qxb4 43. f4 f6 44.
fxe5 fxe5 45. Bc1 Qc3 46. Kf2 Bd3 47. Bd2 Qb2 48. Ke1 $2 (48. Qc1 Qxc1 49. Bxc1
) 48... Qb1 $2 (48... Bxe4 49. Qe2 Qa1+) 49. Bb4 $2 (49. Qxb1 Bxb1 50. g4)
49... Kf7 $2 (49... Qxd1+ 50. Kxd1 Kf7) 50. Bd6 Kf6 $2 (50... Qxd1+ 51. Kxd1
Ke6) 51. Qxb1 $19 Bxb1 52. Bc7 b5 53. b4 Bxe4 54. Bd6 h5 55. h4 Ke6 56. Bf8 g6
57. Bg7 Bf5 0-1

[Event "BIH-chT"]
[Site "Neum"]
[Date "2002.06.02"]
[Round "1.1"]
[White "Bistric, Faruk"]
[Black "Nikolac, Juraj"]
[Result "1-0"]
[WhiteElo "2494"]
[BlackElo "2428"]
[Annotator "Ribli,Z"]
[PlyCount "57"]
[EventDate "2002.06.02"]
[EventType "team"]
[EventRounds "9"]
[EventCountry "BIH"]
[SourceTitle "CBM 090"]
[Source "ChessBase"]
[SourceDate "2002.09.20"]
[SourceVersion "1"]
[SourceVersionDate "2002.09.20"]
[SourceQuality "1"]
[WhiteTeam "Sarajevo"]
[BlackTeam "Mostar Zrinjski"]
[WhiteTeamCountry "BIH"]
[BlackTeamCountry "BIH"]

1. Nf3 Nf6 2. c4 e6 3. g3 b6 4. Bg2 Bb7 5. O-O Be7 6. Nc3 O-O 7. Re1 {Dieser
Turmzug ist sehr populär in letzter Zeit; statt dessen konnte Weiß mit 7.d4
eine Hauptvariante der Damenindischen Verteidigung wählen.} d5 (7... c5) 8.
cxd5 Nxd5 (8... exd5 9. d4 {In diesem Fall scheint der Zug 7.Re1 ein wenig
überflüssig zu sein, aber in der Turnierpraxis hat Weiß gute Ergebnisse in
dieser Variante.}) 9. d4 {Gewöhnlich spielt Weiß zuerst 9.e4.} (9. e4 $5 Nxc3
10. bxc3 c5 11. d4) 9... Nxc3 10. bxc3 c5 {Mit diesem Zug gehen wir zu der
Variante 9.e4 Nxc3 10.bxc3 c5 11.d4 über, aber Schwarz konnte statt der
Partiefortsetzung 10...Be4 ziehen, mit Ausgleich.} (10... Be4 $5 11. Ne5 Bxg2
12. Kxg2 c5 13. e4 Bf6 14. Nf3 Nc6 15. Be3 cxd4 16. cxd4 Qd7 $10 {Ericsson,
M-Rozentalis,E/Malmo/1993/}) 11. e4 {Nach diesem Zug besitzt Weiß ein
Übergewicht im Zentrum und Chancen auf Eröffnungsvorteil.} Nd7 (11... Nc6 12.
d5 exd5 13. exd5 Na5 14. Bf4 $14) 12. Bf4 cxd4 13. cxd4 Nf6 {Die schwarze
Stellung ist fest, er hat keine Schwächen, aber aufgrund der starken
Zentrumsstellung hat Weiß die Initiative. Übrigens sind die schwarzen Chancen
im Endspiel gar nicht schlechter.} (13... Rc8 14. d5 (14. Qd3 Nc5) 14... exd5
15. exd5 Bf6 16. Rc1 Rxc1 17. Bxc1 Qa8 18. Ng5 h6 19. Ne4 Be5 20. Ba3 Rd8 21.
f4 Bf6 22. Nxf6+ Nxf6 23. Be7 $14 {1/2-1/2 Stangl,M-Pichler,J/Germany 1996/
GER-chT (69)}) 14. Qd3 (14. Ne5 Rc8 (14... Bb4 15. Re3 Rc8 16. d5 $1 exd5 17.
exd5 Bd6 18. Nc6 Bxc6 19. Bxd6 Ba4 $5 20. Bxf8 Bxd1 21. Be7 Qc7 22. Rxd1 Nd7
23. Bh3 h6 24. Bf5 {1-0 Kramnik,V-Anand,V/Las Palmas 1996/CBM 57/[Kramnik] (41)
}) (14... Nd7 15. Nc4 Nf6 16. Qd2 Rc8 17. Ne5 Nh5 18. Be3 {1-0 Marin,M-Alabern,
J/Manresa 1997/EXT 2000 (35)}) 15. Qd3 Nd7 (15... Bb4 $5 16. Red1 Rc3 17. Qe2
Qa8 18. Qb2 Ba5 19. f3 Rfc8 $11) 16. d5 exd5 17. exd5 Bb4 (17... Nxe5 18. Bxe5
Bd6 $14) 18. Rec1 Nxe5 19. Bxe5 Qe7 20. Bb2 {1-0 Ionescu,M-Vadasz,L/Budapest
2000/EXT 2002/(52)}) 14... Rc8 {[%cal Gc8c1]} (14... Bb4 15. Nd2 (15. Re2 a5 $1
) 15... Rc8 16. Rec1 Rxc1+ (16... Qd7 $5) 17. Rxc1 Qa8 18. f3 Rc8 19. Nc4 Ba6
20. Bf1 $14 Rd8 21. Qb3 Bf8 22. Be3 {1-0 Anand,V-Tiviakov,S/Wijk aan Zee 1996/
CBM 51 (107)}) 15. Rad1 Bb4 {Dieses Motiv ist typisch - Schwarz gewinnt ein
Tempo, da der e1R haengt, und bereitet die "Turmeindringung" nach c3 vor.} 16.
Re2 Qe8 $5 {[%cal Ge8a4] Der Damezug scheint sonderbar, aber im folgenden kann
Schwarz die Dame mit Qa4 aktivieren.} (16... Qe7) 17. Qb3 a5 18. Ne5 {[%cal
Ge5c4,Ge5d3]} (18. a3 $2 Rc3 $17) 18... Rc3 19. Qb1 Qa4 20. Nd3 (20. Bd2 $2 Rc2
$17) (20. Bg5 $14) (20. d5 $14) 20... Ba3 21. Ree1 {Weiß möchte die Dame von
der Verteidigung des d1-Turmes befreien.} Rfc8 {[%cal Gc8c1]} 22. d5 $1 $36 {
Dieser Bauerndurchbruch ist typisch in dieser Variante. Im folgenden sehen wir
große Komplikationen.} (22. Qxb6 Bxe4 23. Bxe4 Nxe4 $15 {Weiß kann nicht 24.
Rxe4 spielen, da sein d1R hängt.}) 22... exd5 (22... b5 $13) 23. Be5 {[%cal
Ge5f6,Ge5c3]} (23. Qxb6 Bc6 $13 (23... Ba8 $13)) 23... Nxe4 (23... dxe4 24.
Bxc3 Rxc3 25. Qxb6 Rxd3 26. Rxd3 exd3 27. Bxb7 Bf8 (27... d2 $2 28. Qd8+ Bf8
29. Qxd2 $18) 28. Bf3 Qxa2 29. Qd8 $14) 24. Qxb6 $2 (24. Bxe4 dxe4 25. Bxc3
exd3 26. Qxd3 Qc6 {[%cal Rb7h1,Rc8c3]} 27. f3 Qxf3 (27... Qxc3 28. Qxc3 Rxc3
29. Rd8+ Bf8 30. Ree8 g6 31. Rxf8+ Kg7 $11) 28. Qxf3 Bxf3 $15) (24. Bxc3 $1
Nxc3 25. Qxb6 Qc6 (25... Nxd1 26. Qxb7 Rf8 27. Bxd5 {[%csl Gd5][%cal Rd5b3,
Rb3a4,Rb3d1,Gd5f7]} Nc3 28. Bb3 Qd4 29. Re8 Qf6 30. Rxf8+ Bxf8 31. Ne5 $16) 26.
Qxc6 Bxc6 27. Rd2 Bd6 $14) 24... Rxd3 $4 {[%mdl 8192] Das ist ein großer
Fehler, der die Partie kostet. Schwarz glaubte, dass er mit der Doppeldrohung
25...Bc5 gewinnen kann, aber er verliert zu viel Material.} (24... Qc6 $1 25.
Qxc6 (25. Qxa5 Ra8 $19 {[%csl Ra5]}) 25... R3xc6 26. Bxe4 (26. Nf4 Rc1 $17 (
26... Rc2 $17)) 26... dxe4 27. Rxe4 Rc2 $15 {[%csl Ga3,Gb7,Gc2][%cal Rc2a2,
Rb7e4]}) 25. Rxd3 $16 Bc5 {[%cal Rc5b6,Rc5g1,Rf2e1] Konsequent, aber schlecht.}
26. Qxb7 {[%mdl 1024]} Bxf2+ 27. Kf1 $18 {Weiß hat einen Turm mehr und es
hängt auch der c8R.} Qc2 28. Qxd5 {Jetzt hängt der e4N und es droht 29.Qd8+.} (
28. Bxe4 Bxe1 29. Rf3 Qc4+ (29... dxe4 30. Qxf7+ $18) 30. Bd3 $18) 28... Bc5
29. Re2 1-0